Antigua & Barbuda (Record no. 371281)

MARC details
000 -LEADER
fixed length control field 00554nam a2200193Ia 4500
008 - FIXED-LENGTH DATA ELEMENTS--GENERAL INFORMATION
fixed length control field 191130s2004##################000#0#eng##
020 ## - INTERNATIONAL STANDARD BOOK NUMBER
ISBN 9781843533191
082 ## - DEWEY DECIMAL CLASSIFICATION NUMBER
Classification number 917.297404 VAI
100 ## - MAIN ENTRY--AUTHOR NAME
Personal name Vaitilingam, Adam
245 ## - TITLE STATEMENT
Title Antigua & Barbuda
Statement of responsibility, etc by Vaitilingam, Adam, and Vaitilingam, Romesh
260 ## - PUBLICATION, DISTRIBUTION, ETC. (IMPRINT)
Place of publication New York
Name of publisher Rough Guides
Year of publication 2004
300 ## - PHYSICAL DESCRIPTION
Number of Pages 144 p. : ill., maps ; 20 cm
650 ## - SUBJECT ADDED ENTRY--TOPICAL TERM
Topical Term Travel
700 ## - ADDED ENTRY--PERSONAL NAME
Personal name Vaitilingam, Romesh
991 ## -
-- 115944
Holdings
Withdrawn status Lost status Damaged status Not for loan Home library Current library Shelving location Date acquired Full call number Accession Number Price effective from Koha item type
        Anna Centenary Library Anna Centenary Library 7TH FLOOR, B WING 17.10.2020 917.297404 VAI 413667 17.10.2020 English Books

Find us on the map